000 003890000a22001570004500
003 LK-CoMWRAF
008 230817t ||||| |||| 00| 0 eng d
040 _aLK-CoMWRAF
_dLK-CoMWRAF
_eLK-CoMWRAF
041 _aeng
082 _a355
_bLAW
245 _aLaws of custody and guardianships of minors
_b
260 _aLahore
_bAGHS
_c
300 _ap.22
650 _aLegal literacy
942 _cBK
999 _c2966
_d2966